|
|
|
|
| LEADER |
00620cam a2200193 7i4500 |
| 001 |
0000004069 |
| 005 |
20090720090000.0 |
| 020 |
|
|
|a 9780419182405
|
| 020 |
|
|
|a 0419182403 (pbk.)
|
| 090 |
0 |
0 |
|a KD3521
|b .C86 1993
|
| 100 |
1 |
|
|a Collins, Valerie
|
| 245 |
1 |
0 |
|a Recreation and the law
|c Valerie Collins.
|
| 250 |
|
|
|a 2nd ed.
|
| 260 |
|
|
|a London:
|b Spon Press,
|c 1993.
|
| 300 |
|
|
|a vii, 187 p.;
|c 24 cm.
|
| 500 |
|
|
|a Includes index
|
| 650 |
0 |
0 |
|a Sports --
|x Law and legislation --
|z Great Britain
|
| 650 |
0 |
0 |
|a Recreation --
|x Law and legislation --
|z Great Britain
|
| 999 |
|
|
|a 0000007726
|b BOK
|c OPEN SHELF
|e 1st Floor, Bestari Jaya
|